Normal view
MARC view
Entry Geographic Name
001 - CONTROL NUMBER
- control field: 29066
003 - CONTROL NUMBER IDENTIFIER
- control field: ARRUPE
005 - DATE AND TIME OF LATEST TRANSACTION
- control field: 20170224085535.0
008 - FIXED-LENGTH DATA ELEMENTS
- fixed length control field: 170224|| aca||aabn | a|a d
040 ## - CATALOGING SOURCE
- Original cataloging agency: ARRUPE
- Transcribing agency: ARRUPE
151 ## - HEADING--GEOGRAPHIC NAME
- Geographic name: Great Britain
- General subdivision: Colonies
- General subdivision: History
- General subdivision: Chronology.
670 ## - SOURCE DATA FOUND
- Source citation: Work cat.: (ARRUPE)0: Williamson, James Alexander, 1886- 29063, A notebook of Commonwealth history, 1967.